| 000 | 00814cab a2200241 4500 | ||
|---|---|---|---|
| 001 | WB3228-36 | ||
| 008 | 090401t1996 xxu||||| |||| 00| 0 eng d | ||
| 035 | _a(Sirsi) u56512 | ||
| 041 | _aeng | ||
| 245 | _aPlanning Inspectorate | ||
| 260 | _c1996 | ||
| 350 | _a0 | ||
| 490 |
_aDOE Press Release _v(309) 11 July 1996, (2) |
||
| 520 | _aThe findings of a Prior Options Report and an Evaluation Report find that the work and role of the PI means that it should remain a Next Steps agency and should not be abolished, privatised or wholly contracted out. | ||
| 650 | _aEXECUTIVE AGENCIES | ||
| 650 | _aGOVERNMENT DEPARTMENTS | ||
| 650 | _aNEXT STEPS AGENCIES | ||
| 650 | _aPLANNING INSPECTORATE | ||
| 650 | _aPRIVATISATION | ||
| 690 | _aPLANNING LAW AND PRACTICE | ||
| 942 | _n0 | ||
| 948 | _c04/03/1997 | ||
| 999 |
_c34468 _d34468 |
||